00780nam a2200169 a 4500008004100000050001500041100001800056245003400074350000900108650001400117650001200131995009300143995009500236999001700331952013100348952013100479120416s9999 xx |||||||||||||| || u aGN 645 Glu aGluckman, Max10aCustom and conflict in Africa a0.00 aTEXTBOOKS aCULTURE D0.00FCBU-MAIN LIBRARY (Kitwe)H1I0.00M1UDAMAGEDZMain Library Open Access Collection D0.00FCBU-MAIN LIBRARY (Kitwe)H2I0.00M2UAVAILABLEZMain Library Open Access Collection c62660d62660 00102lcc4070a001b001cMain Library Open Access Collectiond2022-12-15l0oGN 645 Glup000657r2022-12-15w2022-12-15y002 00102lcc4070a001b001cMain Library Open Access Collectiond2022-12-15l0oGN 645 Glup025927r2022-12-15w2022-12-15y002